[Event "Czech Chess Christmas 2010"]
[Site "Litomysl"]
[Date "2010.12.26"]
[Round "1.1"]
[White "Kanovsky, David"]
[Black "Hrabal, Michal"]
[Result "1-0"]
[WhiteElo "2497"]
[BlackElo "1972"]
[PlyCount "61"]
[EventDate "2010.12.26"]

1. e4 e5 2. Nf3 Nc6 3. Bb5 f5 4. Nc3 fxe4 5. Nxe4 Nf6 6. Qe2 d5 7. Nxf6+ gxf6
8. d4 Bg7 9. dxe5 O-O 10. e6 Re8 11. O-O Rxe6 12. Qd1 Ne5 13. Nd4 Re7 14. Be2
c5 15. Nb3 b6 16. Bf4 Bb7 17. c3 Qe8 18. a4 Rd8 19. Qc2 Qc6 20. Bb5 Qe6 21.
Rfd1 Qg4 22. Bg3 a6 23. Be2 Qe6 24. a5 f5 25. axb6 Qxb6 26. Bh4 Bf6 27. Bxf6
Qxf6 28. Nxc5 Ba8 29. Rxa6 Qg5 30. g3 f4 31. Qd2 1-0

[Event "Czech Chess Christmas 2010"]
[Site "Litomysl"]
[Date "2010.12.26"]
[Round "1.2"]
[White "Macek, Kamil"]
[Black "Bernasek, Jan"]
[Result "0-1"]
[WhiteElo "1968"]
[BlackElo "2490"]
[PlyCount "80"]
[EventDate "2010.12.26"]

1. e4 c5 2. Nf3 e6 3. d4 cxd4 4. Nxd4 a6 5. Bd3 Bc5 6. Nb3 Ba7 7. Nc3 Nc6 8.
O-O Nge7 9. Qe1 d6 10. Be3 O-O 11. f4 b5 12. a3 Qc7 13. Qf2 b4 14. axb4 Bxe3
15. Qxe3 Nxb4 16. Nd2 Bb7 17. Ra4 Nxd3 18. cxd3 d5 19. Nf3 dxe4 20. dxe4 Rfd8
21. Ne5 f6 22. Rc4 Qb8 23. Nf3 Ng6 24. f5 exf5 25. exf5 Re8 26. Qb6 Bxf3 27.
Qxb8 Raxb8 28. fxg6 Ba8 29. gxh7+ Kxh7 30. b4 Rbd8 31. h3 Rd2 32. Rh4+ Kg8 33.
Rg4 Re3 34. Nd1 Ree2 35. Nf2 Bd5 36. Rf4 Kf7 37. g4 Re3 38. Kh2 g5 39. Rd1 Rxd1
40. Nxd1 gxf4 0-1

[Event "Czech Chess Christmas 2010"]
[Site "Litomysl"]
[Date "2010.12.26"]
[Round "1.6"]
[White "Vucko, Maja"]
[Black "Sabol, Marian"]
[Result "0-1"]
[WhiteElo "1939"]
[BlackElo "2392"]
[PlyCount "134"]
[EventDate "2010.12.26"]

1. e4 g6 2. d4 c6 3. Nf3 d5 4. exd5 cxd5 5. c3 Bg7 6. Bb5+ Bd7 7. Bxd7+ Qxd7 8.
O-O Nc6 9. Re1 Nf6 10. Nbd2 O-O 11. Nf1 Ne4 12. Ng3 Nxg3 13. hxg3 f6 14. Be3 e5
15. Qc2 e4 16. Nd2 f5 17. Nb3 h6 18. Nc5 Qf7 19. Rac1 Rac8 20. Qe2 b6 21. Na4
g5 22. f4 exf3 23. Qxf3 Rce8 24. b3 Re4 25. Bf2 Rfe8 26. Kf1 g4 27. Qd1 h5 28.
Rc2 Qg6 29. Rce2 h4 30. Qd3 h3 31. gxh3 gxh3 32. Kg1 Qg4 33. Rxe4 Rxe4 34. Qf1
Ne7 35. Kh2 Rxe1 36. Bxe1 Bh6 37. Bf2 Qf3 38. Nb2 f4 39. g4 Bg5 40. Nd3 Ng6 41.
Qxh3 Qe2 42. Qh5 Qxd3 43. Qxg5 Kh7 44. Qh5+ Kg7 45. Qxd5 Qxc3 46. Qb7+ Kh6 47.
d5 Qf3 48. Kg1 Qd1+ 49. Kg2 Qxg4+ 50. Kf1 Qh3+ 51. Ke1 Qc3+ 52. Kf1 Ne5 53. Qa8
Qd3+ 54. Kg1 Qb1+ 55. Kg2 Qe4+ 56. Kf1 Qh1+ 57. Ke2 Qh5+ 58. Kf1 Qh1+ 59. Ke2
Qf3+ 60. Kf1 Kg5 61. Qd8+ Kf5 62. Qc8+ Ke4 63. Qe6 Qh1+ 64. Ke2 Qc1 65. Be1
Qc2+ 66. Bd2 f3+ 67. Ke1 f2+ 0-1

[Event "Czech Chess Christmas 2010"]
[Site "Litomysl"]
[Date "2010.12.26"]
[Round "1.7"]
[White "Bures, Jaroslav"]
[Black "Kimerling, Martin"]
[Result "1-0"]
[WhiteElo "2373"]
[BlackElo "1931"]
[PlyCount "93"]
[EventDate "2010.12.26"]

1. e4 d6 2. d4 Nf6 3. Nc3 g6 4. Be3 c6 5. h3 Bg7 6. f4 O-O 7. Nf3 Nbd7 8. Bd3
b5 9. e5 dxe5 10. dxe5 Nd5 11. Nxd5 cxd5 12. O-O a6 13. a4 b4 14. a5 Qc7 15.
Kh1 Nc5 16. Qd2 Rb8 17. Qf2 Nxd3 18. cxd3 Bf5 19. Bb6 Qd7 20. Qd2 f6 21. Kh2
fxe5 22. fxe5 Qb5 23. d4 Rbc8 24. Bc5 b3 25. Qe3 Qd3 26. Rfe1 Rc7 27. Ra3 Qxe3
28. Rxe3 Bc2 29. g4 Rf4 30. Kg3 Re4 31. Kf2 h5 32. g5 e6 33. Ra1 Bf8 34. Bxf8
Kxf8 35. Rxe4 dxe4 36. Ne1 Ke8 37. Ke3 Kd7 38. Rc1 Rc4 39. Nxc2 Rxc2 40. Rxc2
bxc2 41. Kd2 Kc6 42. b4 Kb5 43. d5 exd5 44. e6 Kc6 45. b5+ axb5 46. a6 Kd6 47.
a7 1-0

[Event "Czech Chess Christmas 2010"]
[Site "Litomysl"]
[Date "2010.12.26"]
[Round "1.8"]
[White "Hajek, Lukas"]
[Black "Kantorik, Marian"]
[Result "1/2-1/2"]
[WhiteElo "1922"]
[BlackElo "2351"]
[PlyCount "89"]
[EventDate "2010.12.26"]

1. d4 d5 2. c4 e6 3. Nc3 c5 4. cxd5 exd5 5. Nf3 Nc6 6. g3 c4 7. Bg2 Nf6 8. O-O
Be7 9. Ne5 O-O 10. Nxc6 bxc6 11. e4 dxe4 12. Nxe4 Bf5 13. Re1 Nxe4 14. Bxe4
Bxe4 15. Rxe4 Bf6 16. Qc2 Qd5 17. Be3 Rab8 18. Rf4 Rb5 19. a4 Rb4 20. Bd2 Rb3
21. Bc3 Re8 22. Rf5 Qd6 23. Rc5 Rbb8 24. Rxc4 h5 25. Rc5 h4 26. Rd1 Re6 27. d5
Qxc5 28. dxe6 fxe6 29. Qg6 Bxc3 30. bxc3 Qe5 31. gxh4 Rf8 32. Qg3 Rf4 33. Rd4
Qe1+ 34. Kg2 Rxd4 35. cxd4 Qe4+ 36. Qf3 Qg6+ 37. Kf1 Qc2 38. Qe2 Qb1+ 39. Kg2
Qg6+ 40. Kf1 Qb1+ 41. Kg2 Qf5 42. Qf3 Qc2 43. Qh5 Qe4+ 44. Qf3 Qc2 45. Qh5
1/2-1/2

[Event "Czech Chess Christmas 2010"]
[Site "Litomysl"]
[Date "2010.12.26"]
[Round "1.10"]
[White "Machan, Jan"]
[Black "Strebkovs, Andrejs"]
[Result "0-1"]
[WhiteElo "1905"]
[BlackElo "2329"]
[PlyCount "54"]
[EventDate "2010.12.26"]

1. e4 e6 2. d4 d5 3. exd5 exd5 4. Bd3 c5 5. dxc5 Bxc5 6. Nf3 Ne7 7. O-O Nbc6 8.
Bf4 Bf5 9. c3 O-O 10. Bxf5 Nxf5 11. Qd3 Nfe7 12. Nbd2 Ng6 13. Bg3 Qd7 14. Nb3
Be7 15. Rfe1 Rad8 16. Rad1 Qc8 17. Nfd4 Bd6 18. Bxd6 Rxd6 19. Qg3 Rf6 20. Re3
Nf4 21. Ne2 Nh5 22. Qh4 Rh6 23. Qg5 Nf6 24. Nf4 Ne4 25. Rxe4 dxe4 26. Nc5 Re8
27. Re1 Re5 0-1

[Event "Czech Chess Christmas 2010"]
[Site "Litomysl"]
[Date "2010.12.26"]
[Round "1.11"]
[White "Heinzel, Olaf"]
[Black "Sokolski, Aleksander"]
[Result "1-0"]
[WhiteElo "2328"]
[BlackElo "1894"]
[PlyCount "49"]
[EventDate "2010.12.26"]

1. d4 Nf6 2. Bf4 e6 3. Nf3 d5 4. Nbd2 c5 5. e3 Nc6 6. c3 Be7 7. h3 O-O 8. Bd3
a6 9. Ne5 Nxe5 10. dxe5 Nd7 11. Qh5 g6 12. Qe2 b5 13. h4 Bxh4 14. Qg4 Be7 15.
Qh3 h5 16. Nf3 Kg7 17. g4 Rh8 18. Ke2 Bb7 19. gxh5 Rxh5 20. Qg2 Bh4 21. Rxh4
Rxh4 22. Nxh4 Qxh4 23. Rh1 Qd8 24. Bh6+ Kg8 25. Bxg6 1-0

[Event "Czech Chess Christmas 2010"]
[Site "Litomysl"]
[Date "2010.12.26"]
[Round "1.12"]
[White "Danada, Ondrej"]
[Black "Cerveny, Martin"]
[Result "0-1"]
[WhiteElo "1892"]
[BlackElo "2317"]
[PlyCount "90"]
[EventDate "2010.12.26"]

1. e4 c5 2. Nf3 d6 3. d4 cxd4 4. Nxd4 Nf6 5. Nc3 a6 6. Bg5 e6 7. f4 Qc7 8. Qf3
b5 9. e5 Bb7 10. Qg3 dxe5 11. fxe5 Nfd7 12. O-O-O b4 13. Nce2 h6 14. Bd2 Qxe5
15. Bf4 Qf6 16. Ng1 Nc6 17. Nxc6 Bxc6 18. Nf3 Be7 19. Ne5 Nxe5 20. Bxe5 Qg5+
21. Qxg5 Bxg5+ 22. Kb1 O-O 23. Bc4 Rfc8 24. Rd4 a5 25. h4 Be7 26. Rg4 Bf8 27.
Rh3 h5 28. Rg5 Be4 29. Bd3 Bxd3 30. Rxd3 g6 31. Rgg3 Rc4 32. Bf6 Rac8 33. c3 a4
34. Rd7 a3 35. b3 Re4 36. c4 Bh6 37. Rd1 Re2 38. Rgd3 Bg7 39. Be7 Rb2+ 40. Kc1
Bh6+ 41. Bg5 Bxg5+ 42. hxg5 Rxa2 43. Rd7 Rxg2 44. Ra7 h4 45. Rdd7 a2 0-1

[Event "Czech Chess Christmas 2010"]
[Site "Litomysl"]
[Date "2010.12.26"]
[Round "1.13"]
[White "Jedlicka, Ales"]
[Black "Somyk, Marcin"]
[Result "1-0"]
[WhiteElo "2261"]
[BlackElo "1887"]
[PlyCount "47"]
[EventDate "2010.12.26"]

1. d4 f5 2. g3 Nf6 3. Bg2 g6 4. Nf3 Bg7 5. O-O O-O 6. c4 d6 7. b4 c5 8. bxc5
dxc5 9. Bb2 Ne4 10. Nbd2 Nc6 11. e3 cxd4 12. Nxe4 fxe4 13. Nxd4 Qb6 14. Nxc6
Qxb2 15. Nxe7+ Kh8 16. Rc1 Qxa2 17. Bxe4 Bh3 18. Nxg6+ hxg6 19. Bxg6 Rf6 20.
Qh5+ Kg8 21. Bh7+ Kh8 22. Bb1+ Rh6 23. Qxh6+ Bxh6 24. Bxa2 1-0

[Event "Czech Chess Christmas 2010"]
[Site "Litomysl"]
[Date "2010.12.26"]
[Round "1.15"]
[White "Bolacky, Jiri"]
[Black "Rode, Thomas"]
[Result "1-0"]
[WhiteElo "2237"]
[BlackElo "1876"]
[PlyCount "45"]
[EventDate "2010.12.26"]

1. e4 c5 2. Nc3 Nc6 3. f4 g6 4. Nf3 Bg7 5. Bb5 Nd4 6. O-O Nxb5 7. Nxb5 d5 8.
exd5 a6 9. Nc3 Nf6 10. d3 Nxd5 11. Bd2 O-O 12. Qe1 e6 13. Ne5 b5 14. Ne4 Qc7
15. c4 bxc4 16. dxc4 Nb4 17. Bc3 Nc2 18. Qh4 Nxa1 19. Nf6+ Bxf6 20. Qxf6 Qd8
21. Qh8+ Kxh8 22. Nxf7+ Kg8 23. Nh6# 1-0

[Event "Czech Chess Christmas 2010"]
[Site "Litomysl"]
[Date "2010.12.26"]
[Round "1.16"]
[White "Kozusek, Slavomir"]
[Black "Bombek, Peter"]
[Result "0-1"]
[WhiteElo "1875"]
[BlackElo "2228"]
[PlyCount "23"]
[EventDate "2010.12.26"]

1. e4 d5 2. exd5 Qxd5 3. Nc3 Qa5 4. d4 Nf6 5. Bd2 Bg4 6. f3 Bf5 7. Ne4 Qb6 8.
Nxf6+ gxf6 9. Ne2 Nc6 10. Bc3 O-O-O 11. Qd2 e5 12. Ba5 0-1

[Event "Czech Chess Christmas 2010"]
[Site "Litomysl"]
[Date "2010.12.26"]
[Round "1.17"]
[White "Svana, Peter"]
[Black "Sroubova, Lenka"]
[Result "1-0"]
[WhiteElo "2227"]
[BlackElo "1873"]
[PlyCount "75"]
[EventDate "2010.12.26"]

1. d4 d5 2. c4 Nc6 3. Nc3 dxc4 4. d5 Ne5 5. f4 Ng6 6. e4 c6 7. Bxc4 cxd5 8.
exd5 a6 9. Nf3 Nf6 10. O-O Bg4 11. h3 Bd7 12. Ne5 Qc8 13. Qe2 Nh4 14. Kh2 Nf5
15. Bd3 g6 16. Re1 Qd8 17. g4 Nd6 18. Be3 Nc8 19. f5 Bg7 20. Bf4 O-O 21. Rad1
Re8 22. Qc2 Nd6 23. Nxd7 Qxd7 24. fxg6 fxg6 25. Qg2 b5 26. Re6 Rad8 27. Rde1
Qb7 28. a3 a5 29. Bxd6 Rxd6 30. Bxb5 Rxe6 31. Rxe6 Rd8 32. Bc6 Qc7+ 33. Kh1 Rb8
34. Nb5 Qf4 35. Rxe7 Qc1+ 36. Qg1 Qxb2 37. Qe1 Rxb5 38. Qe6+ 1-0

[Event "Czech Chess Christmas 2010"]
[Site "Litomysl"]
[Date "2010.12.26"]
[Round "1.19"]
[White "Olsarova, Karolina"]
[Black "Svanda, Radek"]
[Result "1-0"]
[WhiteElo "2202"]
[BlackElo "1832"]
[PlyCount "109"]
[EventDate "2010.12.26"]

1. e4 c6 2. d4 g6 3. Nc3 d5 4. h3 Bg7 5. Nf3 dxe4 6. Nxe4 Nf6 7. Nxf6+ exf6 8.
Bc4 O-O 9. O-O Nd7 10. Bb3 a5 11. a4 Nb6 12. c4 Be6 13. Qc2 f5 14. Be3 Qc7 15.
Rfd1 f4 16. Bd2 h6 17. Qe4 Bxc4 18. Bxf4 Qd8 19. Bxc4 Nxc4 20. Qc2 Nb6 21. Be5
Nd5 22. Rac1 Re8 23. Qb3 Qb6 24. Qc2 Qb4 25. Rd3 Qe7 26. Rb3 Nb4 27. Qc4 Nd5
28. Bg3 Kh7 29. Re1 Qd7 30. Ne5 Bxe5 31. dxe5 Nb4 32. Rf3 Nd5 33. Qh4 Re6 34.
Rd1 Qe7 35. Qg4 Rf8 36. Bh4 f6 37. exf6 Nxf6 38. Qd4 g5 39. Bg3 Nd5 40. Rb3 Nf4
41. Bxf4 Rxf4 42. Qd3+ Kg7 43. Qc3+ Rff6 44. Qxa5 Re2 45. Rf1 Qf7 46. Qb6 Kg6
47. Qxb7 Qd5 48. Qb6 Qd2 49. Qb4 Rexf2 50. Qxd2 Rxd2 51. Rxf6+ Kxf6 52. a5 Rd1+
53. Kf2 Rd5 54. a6 Ra5 55. Ra3 1-0

[Event "Czech Chess Christmas 2010"]
[Site "Litomysl"]
[Date "2010.12.26"]
[Round "1.20"]
[White "Nytrova, Adela"]
[Black "Lys, Josef"]
[Result "1-0"]
[WhiteElo "1823"]
[BlackElo "2199"]
[PlyCount "109"]
[EventDate "2010.12.26"]

1. e4 e5 2. Nf3 d6 3. Nc3 Nf6 4. d3 Be7 5. Be3 Ng4 6. Qd2 O-O 7. h3 Nxe3 8.
Qxe3 f5 9. Nd5 f4 10. Qd2 c6 11. Nxe7+ Qxe7 12. h4 d5 13. Be2 d4 14. h5 c5 15.
h6 g6 16. O-O-O Nc6 17. Rdg1 Be6 18. a3 b5 19. g3 fxg3 20. Rxg3 c4 21. Qg5
Qxg5+ 22. Rxg5 cxd3 23. cxd3 Rac8 24. Kd2 Na5 25. Nxe5 Nb3+ 26. Ke1 Rc2 27.
Rhg1 Rf6 28. Nxg6 hxg6 29. Rxg6+ Rxg6 30. Rxg6+ Kf7 31. Rxe6 Nc1 32. Kd1 Rxe2
33. h7 Kg7 34. Re7+ Kh8 35. Kxc1 Rxf2 36. Rxa7 b4 37. Ra8+ Kxh7 38. axb4 Kg7
39. Rd8 Rh2 40. Rxd4 Kf6 41. b5 Ke6 42. b6 Rh7 43. Rb4 Rb7 44. d4 Kd6 45. Kd2
Kc6 46. Ke3 Kd6 47. Kd3 Kc6 48. Kc4 Kd6 49. e5+ Kc6 50. d5+ Kd7 51. Kc5 Rb8 52.
b7 Kc7 53. d6+ Kd7 54. Kb6 Rh8 55. Ka7 1-0

[Event "Czech Chess Christmas 2010"]
[Site "Litomysl"]
[Date "2010.12.27"]
[Round "2.1"]
[White "Dowgird, Filip"]
[Black "Kanovsky, David"]
[Result "0-1"]
[WhiteElo "2096"]
[BlackElo "2497"]
[PlyCount "68"]
[EventDate "2010.12.26"]

1. e4 c5 2. g3 e6 3. Bg2 g6 4. c3 Bg7 5. d4 Qb6 6. dxc5 Qxc5 7. Be3 Qc7 8. Qd3
b6 9. Na3 Ba6 10. Qc2 Ne7 11. Ne2 O-O 12. O-O Nbc6 13. Rfd1 Rac8 14. Nd4 d5 15.
Qa4 Bb7 16. Nab5 Qd7 17. Qa3 Nxd4 18. Nxd4 Rfd8 19. Bg5 Bf8 20. Qxa7 dxe4 21.
Rd2 Nd5 22. Bxd8 Rxd8 23. Nb3 Ra8 24. Rxd5 Qxd5 25. Qxb6 Ra6 26. Qd4 Qf5 27. a4
Rd6 28. Qa7 Rd7 29. Nd4 Qd5 30. Re1 f5 31. Qb6 Kf7 32. f3 Bc5 33. Qb5 Bxd4+ 34.
cxd4 Qxd4+ 0-1

[Event "Czech Chess Christmas 2010"]
[Site "Litomysl"]
[Date "2010.12.27"]
[Round "2.3"]
[White "Seidl, Stepan"]
[Black "Likavsky, Tomas"]
[Result "0-1"]
[WhiteElo "2088"]
[BlackElo "2466"]
[PlyCount "74"]
[EventDate "2010.12.26"]

1. e4 c5 2. Nf3 d6 3. d4 cxd4 4. Nxd4 Nf6 5. Nc3 a6 6. Bg5 Nc6 7. Nxc6 bxc6 8.
e5 dxe5 9. Qxd8+ Kxd8 10. O-O-O+ Kc7 11. Bc4 e6 12. f4 h6 13. Bxf6 gxf6 14.
Rhf1 exf4 15. Rxf4 f5 16. g4 h5 17. g5 h4 18. Ne4 Be7 19. Nf6 Bxf6 20. gxf6 Rh6
21. Rdd4 Rxf6 22. Rxh4 e5 23. Rd1 Be6 24. Bxe6 Rxe6 25. Rh5 Rf6 26. Rf1 Kd6 27.
Rhxf5 Rxf5 28. Rxf5 Ke6 29. Rh5 Rd8 30. b4 e4 31. Rc5 f5 32. Rxc6+ Ke5 33. c4
e3 34. Rc5+ Ke4 35. Rc6 e2 36. Re6+ Kf3 37. a4 Rd4 0-1

[Event "Czech Chess Christmas 2010"]
[Site "Litomysl"]
[Date "2010.12.27"]
[Round "2.4"]
[White "Biolek, Richard"]
[Black "Galvanek, Ladislav"]
[Result "1-0"]
[WhiteElo "2413"]
[BlackElo "2091"]
[PlyCount "39"]
[EventDate "2010.12.26"]

1. e4 Nf6 2. e5 Nd5 3. d4 d6 4. Nf3 dxe5 5. Nxe5 g6 6. Qf3 Be6 7. Bd2 c6 8. c4
Nf6 9. Bc3 Bg7 10. Nd2 O-O 11. O-O-O Qc7 12. Qg3 Nbd7 13. Nxg6 Qxg3 14. Nxe7+
Kh8 15. hxg3 Rad8 16. d5 cxd5 17. Nxd5 Nxd5 18. cxd5 Bxc3 19. dxe6 Bxd2+ 20.
Rxd2 1-0

[Event "Czech Chess Christmas 2010"]
[Site "Litomysl"]
[Date "2010.12.27"]
[Round "2.5"]
[White "Sabol, Marian"]
[Black "Bakalar, Jan"]
[Result "1-0"]
[WhiteElo "2392"]
[BlackElo "2081"]
[PlyCount "111"]
[EventDate "2010.12.26"]

1. d4 d5 2. Nf3 e6 3. g3 Be7 4. Bg2 Nf6 5. O-O O-O 6. b3 a5 7. c4 a4 8. Bb2
axb3 9. axb3 Rxa1 10. Bxa1 c6 11. Nc3 Na6 12. Ne5 Qa5 13. e4 Rd8 14. Qc2 Nb4
15. Qe2 Bf8 16. Bb2 Qc7 17. Rd1 b6 18. Nf3 dxc4 19. bxc4 Ba6 20. e5 Ne8 21. Ng5
h6 22. Nh3 c5 23. d5 exd5 24. Nxd5 Nxd5 25. Rxd5 Rxd5 26. Bxd5 Qd7 27. Nf4 Nc7
28. Be4 g5 29. Nh5 Be7 30. h4 Bxc4 31. Qxc4 Qd1+ 32. Kg2 Qxh5 33. hxg5 hxg5 34.
Qc3 Ne6 35. Qb3 g4 36. Qxb6 Qh3+ 37. Kg1 Qh6 38. Bf5 Qd2 39. Bxg4 Qe1+ 40. Kg2
Qe4+ 41. Bf3 Qg6 42. Qb8+ Bf8 43. Bc1 Kg7 44. Qb7 Qc2 45. Be3 Qg6 46. Qd5 Be7
47. Qe4 Bg5 48. Qxg6+ Kxg6 49. Be4+ Kg7 50. f4 Bh6 51. Bd5 Nd4 52. g4 f6 53. g5
fxg5 54. fxg5 Nf5 55. gxh6+ Kg6 56. Be4 1-0

[Event "Czech Chess Christmas 2010"]
[Site "Litomysl"]
[Date "2010.12.27"]
[Round "2.7"]
[White "Kotva, Milan"]
[Black "Madan, Augustin"]
[Result "0-1"]
[WhiteElo "2070"]
[BlackElo "2339"]
[PlyCount "46"]
[EventDate "2010.12.26"]

1. d4 Nf6 2. c4 e6 3. Nc3 Bb4 4. e3 c5 5. Nge2 cxd4 6. exd4 d5 7. a3 Be7 8.
cxd5 Nxd5 9. Nxd5 exd5 10. Nc3 O-O 11. Bd3 Nc6 12. Qh5 f5 13. Ne2 Qb6 14. Qf3
Bf6 15. Be3 Qxb2 16. Qxd5+ Kh8 17. O-O Rd8 18. Qc4 Na5 19. Qc7 Qb6 20. Qg3 Qd6
21. Bf4 Qd5 22. Bc7 Rd7 23. Rac1 b6 {28 moves} 0-1

[Event "Czech Chess Christmas 2010"]
[Site "Litomysl"]
[Date "2010.12.27"]
[Round "2.8"]
[White "Strebkovs, Andrejs"]
[Black "Kastner, Oldrich"]
[Result "1-0"]
[WhiteElo "2329"]
[BlackElo "2070"]
[PlyCount "71"]
[EventDate "2010.12.26"]

1. d4 Nf6 2. c4 e6 3. g3 d5 4. Bg2 c6 5. Nf3 Bb4+ 6. Bd2 Be7 7. Qc2 O-O 8. O-O
b6 9. Bf4 Na6 10. Ne5 Nb4 11. Qc1 Nd7 12. cxd5 cxd5 13. a3 Nxe5 14. Bxe5 Na6
15. Nc3 Bd7 16. e4 dxe4 17. Bxe4 f6 18. Bf4 g5 19. Be3 Rb8 20. f4 f5 21. Bd3
gxf4 22. Bxf4 Nc7 23. Bc4 Rc8 24. Qe3 Rf6 25. Be5 Rf7 26. Rad1 Bg5 27. Qe2 Qe7
28. Rfe1 Ne8 29. Ba2 Nf6 30. d5 Ng4 31. dxe6 Bxe6 32. Bd6 Be3+ 33. Qxe3 Nxe3
34. Bxe7 Nxd1 35. Bxe6 Nxb2 36. Bxc8 1-0

[Event "Czech Chess Christmas 2010"]
[Site "Litomysl"]
[Date "2010.12.27"]
[Round "2.10"]
[White "Cerveny, Martin"]
[Black "Jiruse, Josef"]
[Result "1-0"]
[WhiteElo "2317"]
[BlackElo "2059"]
[PlyCount "33"]
[EventDate "2010.12.26"]

1. d4 c6 2. c4 Nf6 3. Nf3 d5 4. e3 e6 5. Nbd2 Nbd7 6. Bd3 dxc4 7. Nxc4 c5 8.
O-O b5 9. Nce5 c4 10. Be2 a6 11. a4 Bb7 12. b3 Nxe5 13. Nxe5 Qd5 14. Bf3 Ne4
15. axb5 cxb3 16. Qd3 a5 17. Nc4 1-0

[Event "Czech Chess Christmas 2010"]
[Site "Litomysl"]
[Date "2010.12.27"]
[Round "2.11"]
[White "Krupa, Krzysztof"]
[Black "Jedlicka, Ales"]
[Result "1-0"]
[WhiteElo "2031"]
[BlackElo "2261"]
[PlyCount "91"]
[EventDate "2010.12.26"]

1. e4 c5 2. Nf3 e6 3. d4 cxd4 4. Nxd4 a6 5. Nc3 Qc7 6. g3 Bb4 7. Nde2 Nf6 8.
Bg2 O-O 9. O-O Be7 10. Be3 d6 11. Kh1 Ng4 12. Bf4 Qb6 13. Kg1 Nc6 14. Na4 Qa5
15. Nec3 Nge5 16. b4 Nxb4 17. Bd2 Qd8 18. Rb1 Nbc6 19. Nb6 Rb8 20. f4 Nd7 21.
Nca4 Nxb6 22. Nxb6 Bd7 23. Bc3 Be8 24. Rf2 d5 25. exd5 exd5 26. Nxd5 Bc5 27.
Qg4 Bxf2+ 28. Kxf2 f6 29. Rd1 h5 30. Qf5 Qc8 31. Qd3 b5 32. Bb2 Rb7 33. Qb3 Bf7
34. Bxf6 Qf5 35. Bb2 b4 36. Qc4 Nd8 37. Be4 Qg4 38. Bf3 Qg6 39. Rd3 Kh8 40. Be4
Qh6 41. Qc8 Rb5 42. Nc7 Qb6+ 43. Bd4 Qb8 44. Qd7 Ra5 45. Qe7 Re8 46. Nxe8 1-0

[Event "Czech Chess Christmas 2010"]
[Site "Litomysl"]
[Date "2010.12.27"]
[Round "2.12"]
[White "Kaczmarek, Maciej"]
[Black "Bolacky, Jiri"]
[Result "0-1"]
[WhiteElo "2009"]
[BlackElo "2237"]
[PlyCount "90"]
[EventDate "2010.12.26"]

1. e4 c5 2. Nf3 Nc6 3. d4 cxd4 4. Nxd4 e5 5. Nb5 d6 6. c4 Be7 7. N1c3 a6 8. Na3
f5 9. exf5 Bxf5 10. Bd3 Be6 11. O-O Nf6 12. Nc2 O-O 13. Nd5 Bxd5 14. cxd5 Nb8
15. Ne3 Nbd7 16. b4 a5 17. bxa5 Rxa5 18. Bd2 Ra7 19. Bb4 Nc5 20. Bf5 b5 21. a3
g6 22. Bd3 Qd7 23. Rb1 Rb7 24. Qe2 Rfb8 25. f3 Bd8 26. g3 Nxd3 27. Qxd3 Bb6 28.
Kg2 Rc8 29. Bd2 Bc5 30. Rb3 Ra8 31. Rfb1 Qf7 32. Nc2 Qxd5 33. Qxd5+ Nxd5 34.
Rxb5 Rxb5 35. Rxb5 Ra4 36. Kf1 Kf7 37. Ke2 Ke6 38. Rb3 h5 39. Kd3 Bg1 40. h3
Bh2 41. Be1 h4 42. gxh4 Nf4+ 43. Kc3 Bg1 44. Rb4 Nd5+ 45. Kb3 Nxb4 0-1

[Event "Czech Chess Christmas 2010"]
[Site "Litomysl"]
[Date "2010.12.27"]
[Round "2.13"]
[White "Bombek, Peter"]
[Black "Borisek, Anze"]
[Result "1/2-1/2"]
[WhiteElo "2228"]
[BlackElo "2006"]
[PlyCount "53"]
[EventDate "2010.12.26"]

1. Nf3 f5 2. c4 Nf6 3. g3 b6 4. Bg2 Bb7 5. O-O e6 6. Nc3 Bb4 7. Qb3 a5 8. a3
Bxc3 9. Qxc3 O-O 10. d3 a4 11. Qc2 Qe8 12. Nd4 Bxg2 13. Kxg2 d6 14. Bd2 Qd7 15.
e4 Nc6 16. Nb5 fxe4 17. dxe4 e5 18. Qd3 Na5 19. Bxa5 Rxa5 20. Rad1 Qc6 21. f3
Rf7 22. Rf2 Nd7 23. Qd5 Qxd5 24. exd5 Nc5 25. f4 exf4 26. Rxf4 Re7 27. Rd2
1/2-1/2

[Event "Czech Chess Christmas 2010"]
[Site "Litomysl"]
[Date "2010.12.27"]
[Round "2.15"]
[White "Volodin, Viktor"]
[Black "Mass, Elvira"]
[Result "1-0"]
[WhiteElo "2223"]
[BlackElo "1988"]
[PlyCount "85"]
[EventDate "2010.12.26"]

1. Nf3 Nf6 2. c4 g6 3. d4 Bg7 4. g3 O-O 5. Bg2 d6 6. O-O Nbd7 7. Nc3 e5 8. h3
Re8 9. e4 exd4 10. Nxd4 Nc5 11. Re1 Bd7 12. Bf4 a5 13. Rb1 Ne6 14. Be3 Qc8 15.
Kh2 h6 16. Nxe6 Bxe6 17. Qd2 Kh7 18. Nd5 Nd7 19. Bd4 c6 20. Bxg7 Kxg7 21. Qd4+
Kh7 22. Ne3 Ne5 23. f4 c5 24. Qxd6 Nxc4 25. Nxc4 Bxc4 26. b3 Ra6 27. Qd2 Be6
28. Red1 Re7 29. Qc3 a4 30. Rb2 axb3 31. axb3 Ra3 32. Rbd2 Rxb3 33. Qf6 Qf8 34.
Rd8 Re8 35. Rxe8 Qxe8 36. Rd8 Qxd8 37. Qxd8 c4 38. f5 gxf5 39. exf5 Bxf5 40.
Qf6 Bg6 41. Bd5 b5 42. g4 Kg8 43. Qxg6+ 1-0

[Event "Czech Chess Christmas 2010"]
[Site "Litomysl"]
[Date "2010.12.27"]
[Round "2.16"]
[White "Navratil, Jiri"]
[Black "Olsarova, Karolina"]
[Result "0-1"]
[WhiteElo "1996"]
[BlackElo "2202"]
[PlyCount "58"]
[EventDate "2010.12.26"]

1. e4 e5 2. Nf3 Nc6 3. Nc3 Nf6 4. d4 exd4 5. Nxd4 Bb4 6. Nxc6 bxc6 7. Bd3 d5 8.
exd5 cxd5 9. O-O O-O 10. Bg5 c6 11. Qf3 Rb8 12. Ne2 Be7 13. Nd4 Bd7 14. Rae1 h6
15. Bxh6 gxh6 16. Qg3+ Kh8 17. Qe3 Ng8 18. Nf5 Bxf5 19. Qe5+ Nf6 20. Qxf5 Rb4
21. Re3 Rg8 22. Qh3 Bf8 23. Rfe1 Ng4 24. Rg3 Qf6 25. Rf3 Qg7 26. Bf5 Bc5 27. c3
Nxf2 28. Rxf2 Rf4 29. Ree2 Rxf5 0-1

[Event "Czech Chess Christmas 2010"]
[Site "Litomysl"]
[Date "2010.12.27"]
[Round "2.17"]
[White "Olsar, Zdenek"]
[Black "Olsarova, Tereza"]
[Result "1-0"]
[WhiteElo "1984"]
[BlackElo "2185"]
[PlyCount "101"]
[EventDate "2010.12.26"]

1. e4 e5 2. Nf3 Nc6 3. Bb5 a6 4. Ba4 Nf6 5. O-O Nxe4 6. d4 b5 7. Bb3 d5 8. dxe5
Be6 9. Nbd2 Nc5 10. c3 d4 11. Bxe6 Nxe6 12. cxd4 Ncxd4 13. a4 Be7 14. Ne4 O-O
15. axb5 Nxb5 16. Be3 c5 17. Qxd8 Rfxd8 18. Rfd1 Nbd4 19. Bxd4 cxd4 20. g3 f5
21. exf6 gxf6 22. Ra5 Kf7 23. Nh4 Rd7 24. Rd3 Rb8 25. b3 Rb6 26. Nf5 Bb4 27.
Ra2 Rc7 28. Ra1 Bc3 29. Ra3 Rcc6 30. Kg2 a5 31. h4 h5 32. Kf3 Nc7 33. Ra4 Nb5
34. Rc4 Re6 35. Rc5 Kg6 36. Kf4 Rb8 37. g4 hxg4 38. h5+ Kh7 39. Rg3 Bb4 40. Rd5
Rbe8 41. Nxf6+ Rxf6 42. Rxb5 Bd6+ 43. Kg5 Bxg3 44. Kxf6 Bxf2 45. Rb7+ Kh8 46.
Kg6 Rg8+ 47. Kh6 Rd8 48. Kg6 g3 49. Rh7+ Kg8 50. Rg7+ Kf8 51. Rf7+ 1-0

[Event "Czech Chess Christmas 2010"]
[Site "Litomysl"]
[Date "2010.12.27"]
[Round "2.18"]
[White "Cizinsky, Petr"]
[Black "Seidl, Antonin"]
[Result "0-1"]
[WhiteElo "2148"]
[BlackElo "1983"]
[PlyCount "96"]
[EventDate "2010.12.26"]

1. e4 e6 2. d4 d5 3. Nc3 Bb4 4. e5 c5 5. a3 Bxc3+ 6. bxc3 Bd7 7. Qg4 g6 8. Bd2
Ba4 9. dxc5 Bxc2 10. Rc1 Be4 11. f3 Bf5 12. Qa4+ Nc6 13. Bb5 Kf8 14. g4 Qh4+
15. Kf1 Nxe5 16. gxf5 Qxa4 17. Bxa4 Nd3 18. fxe6 Nxc1 19. exf7 Nd3 20. fxg8=Q+
Rxg8 21. Bb3 Kg7 22. Bxd5 Rge8 23. Bxb7 Rad8 24. Bg5 Rd7 25. c6 Rd5 26. Nh3 Rc5
27. Kg2 Rxc3 28. Rd1 Re2+ 29. Kf1 Rxh2 30. Rxd3 Rxd3 31. Nf2 Rc3 32. Bf4 Rh5
33. Ne4 Rxf3+ 34. Kg2 Rxf4 35. c7 Rf8 36. c8=Q Rxc8 37. Bxc8 Ra5 38. Bd7 Rxa3
39. Nc5 a5 40. Na4 h5 41. Bb5 Kf6 42. Nc5 h4 43. Bd3 Rxd3 44. Nxd3 a4 45. Kh3
a3 46. Nc1 g5 47. Kg4 Ke5 48. Na2 Kd4 0-1